[Event "Zuoz Engiadina op 24th"]
[Site "Zuoz"]
[Date "2017.10.10"]
[Round "4"]
[White "Vilaseca, Laurent"]
[Black "Lenninger, Ralf"]
[Result "1-0"]
[WhiteElo "2092"]
[BlackElo "1915"]
[PlyCount "50"]
[EventDate "2017.10.07"]
[EventType "swiss"]
[EventRounds "7"]
[EventCountry "SUI"]
[SourceTitle "CBM 181 Extra"]
[Source "ChessBase"]
[SourceDate "2017.12.12"]
[SourceVersion "1"]
[SourceVersionDate "2017.12.12"]
[SourceQuality "1"]

1. d4 Nf6 2. Nf3 e6 3. g3 b6 4. Bg2 Bb7 5. 0-0 Be7 6. c4 0-0 7. Nc3 d6 8. Qc2 Nbd7 9. e4 Ne8 10. e5 Rc8 11. Ng5 Bxg5 12. Bxg5 Qxg5 13. Bxb7 Rd8 14. f4 Qh6 15. Ne4 g6 16. Bc6 f6 17. d5 dxe5 18. dxe6 Nb8 19. Bd5 Rxd5 20. cxd5 f5 21. Nc3 Nf6 22. Rad1 Na6 23. Qe2 Ng4 24. Rd2 Nc5 25. b4 Ne4 1-0

[Event "Lugano op"]
[Site "Lugano"]
[Date "2014.11.08"]
[Round "3"]
[White "Lenninger, Ralf"]
[Black "Masala, Diego"]
[Result "1/2-1/2"]
[WhiteElo "2001"]
[BlackElo "1796"]
[PlyCount "66"]
[EventDate "2014.11.07"]
[EventType "swiss"]
[EventRounds "5"]
[EventCountry "SUI"]
[SourceTitle "EXT 2015"]
[Source "ChessBase"]
[SourceDate "2014.11.20"]
[SourceVersion "1"]
[SourceVersionDate "2014.11.20"]
[SourceQuality "1"]

1. Nf3 Nc6 2. d4 d5 3. Bf4 Nf6 4. e3 Bg4 5. Nbd2 e6 6. c3 Be7 7. Bd3 Nh5 8. Qb3 Nxf4 9. exf4 Rb8 10. Qc2 Qd6 11. g3 f6 12. 0-0 f5 13. Rfe1 Kd7 14. b4 Bf6 15. Qa4 a6 16. Qb3 h5 17. h4 g5 18. Ne5+ Bxe5 19. dxe5 Qf8 20. fxg5 f4 21. c4 fxg3 22. fxg3 Nd4 23. Qa4+ b5 24. cxb5 Nf3+ 25. Nxf3 Qxf3 26. bxa6+ c6 27. Bf1 Qxg3+ 28. Bg2 Rhf8 29. Qc2 Rxb4 30. Rac1 Rc4 31. Qh7+ Kd8 32. a7 Qf2+ 33. Kh2 Qxh4+ 1/2-1/2

[Event "Liechtenstein op 32nd"]
[Site "Triesen"]
[Date "2014.05.23"]
[Round "1"]
[White "Farago, Ivan"]
[Black "Lenninger, Ralf"]
[Result "1-0"]
[WhiteElo "2441"]
[BlackElo "1967"]
[PlyCount "59"]
[EventDate "2014.05.23"]
[EventType "swiss"]
[EventRounds "9"]
[EventCountry "LIE"]
[SourceTitle "CBM 160 Extra"]
[Source "ChessBase"]
[SourceDate "2014.07.01"]
[SourceVersion "1"]
[SourceVersionDate "2014.07.01"]
[SourceQuality "1"]

1. d4 Nf6 2. c4 e6 3. Nf3 Nc6 4. g3 Bb4+ 5. Bd2 Bxd2+ 6. Qxd2 d6 7. Nc3 0-0 8. Rd1 Qe7 9. Bg2 e5 10. 0-0 e4 11. Ng5 e3 12. Qxe3 Qxe3 13. fxe3 h6 14. Nge4 Ng4 15. Nd5 Bd7 16. h3 f5 17. Nec3 Nf6 18. Nxc7 Rac8 19. N7b5 Ne8 20. Nd5 a6 21. Nbc3 Nf6 22. Nxf6+ Rxf6 23. e4 Re8 24. Kh2 g5 25. Nd5 Rff8 26. e3 Ne7 27. exf5 Nxf5 28. e4 Ng7 29. Nf6+ Rxf6 30. Rxf6 1-0

[Event "Rhein Main op-A 16th"]
[Site "Bad Homburg"]
[Date "2013.06.02"]
[Round "7"]
[White "Gude, Michael"]
[Black "Lenninger, Ralf"]
[Result "1-0"]
[WhiteElo "1794"]
[BlackElo "1989"]
[PlyCount "85"]
[EventDate "2013.05.29"]
[EventType "swiss"]
[EventRounds "7"]
[EventCountry "GER"]
[SourceTitle "EXT 2014"]
[Source "ChessBase"]
[SourceDate "2013.11.20"]
[SourceVersion "1"]
[SourceVersionDate "2013.11.20"]
[SourceQuality "1"]

1. e4 c6 2. d4 d5 3. e5 a6 4. Nf3 Bg4 5. Be2 e6 6. 0-0 Ne7 7. Nbd2 Nd7 8. a4 c5 9. dxc5 Nxc5 10. b4 Ne4 11. Nxe4 dxe4 12. Nd4 Bxe2 13. Nxe2 Qxd1 14. Rxd1 Nc6 15. Nc3 Bxb4 16. Nxe4 0-0 17. c3 Be7 18. Bf4 Rfd8 19. Kf1 Rxd1+ 20. Rxd1 Rd8 21. Rxd8+ Nxd8 22. Bg5 Kf8 23. Ke2 Bxg5 24. Nxg5 h6 25. Ne4 Ke7 26. Kd3 Kd7 27. Kc4 Kc6 28. Nd6 Kb6 29. f4 Kc6 30. g4 f6 31. exf6 gxf6 32. Ne8 f5 33. gxf5 exf5 34. Ng7 Nf7 35. Nxf5 b6 36. h3 a5 37. h4 h5 38. Nd4+ Kc7 39. Kd5 Kd7 40. c4 Nd6 41. c5 bxc5 42. Kxc5 Ke7 43. Nc6+ 1-0

[Event "Rhein Main op-A 16th"]
[Site "Bad Homburg"]
[Date "2013.05.30"]
[Round "2"]
[White "Lenninger, Ralf"]
[Black "Fieberg, Christoph"]
[Result "0-1"]
[WhiteElo "1989"]
[BlackElo "1842"]
[PlyCount "78"]
[EventDate "2013.05.29"]
[EventType "swiss"]
[EventRounds "7"]
[EventCountry "GER"]
[SourceTitle "EXT 2014"]
[Source "ChessBase"]
[SourceDate "2013.11.20"]
[SourceVersion "1"]
[SourceVersionDate "2013.11.20"]
[SourceQuality "1"]

1. Nf3 d5 2. b3 c5 3. e3 Nf6 4. Bb2 g6 5. Ne5 Bg7 6. Bb5+ Bd7 7. Nxd7 Nbxd7 8. f4 0-0 9. 0-0 a6 10. Be2 Re8 11. Be5 Nxe5 12. fxe5 Ne4 13. d4 f6 14. dxc5 f5 15. Bf3 Bxe5 16. c3 e6 17. Bxe4 dxe4 18. Qxd8 Rexd8 19. h3 Rd3 20. Kf2 Rad8 21. Ke2 g5 22. a4 Bxc3 23. Nxc3 Rxc3 24. Rfd1 Rc2+ 25. Kf1 Rd3 26. b4 Kf7 27. Rxd3 exd3 28. Rd1 Rc3 29. Rb1 Kf6 30. Ke1 Rc2 31. Rb3 Re2+ 32. Kd1 Rxe3 33. Kd2 Re2+ 34. Kxd3 Rxg2 35. Kc4 Rd2 36. b5 Rc2+ 37. Kb4 h5 38. c6 b6 39. Rc3 a5+ 0-1

[Event "Rhein Main op-A 15th"]
[Site "Bad Homburg"]
[Date "2012.06.09"]
[Round "5"]
[White "Pham, Tran Phuong Bao"]
[Black "Lenninger, Ralf"]
[Result "1/2-1/2"]
[WhiteElo "1771"]
[BlackElo "1998"]
[PlyCount "98"]
[EventDate "2012.06.06"]
[EventType "swiss"]
[EventRounds "7"]
[EventCountry "GER"]
[SourceTitle "EXT 2013"]
[Source "ChessBase"]
[SourceDate "2012.11.22"]
[SourceVersion "1"]
[SourceVersionDate "2012.11.22"]
[SourceQuality "1"]

1. c4 Nf6 2. g3 e6 3. Bg2 d5 4. Nf3 Be7 5. 0-0 0-0 6. b3 Ne4 7. Bb2 Bf6 8. d4 c6 9. Nbd2 Nxd2 10. Qxd2 Nd7 11. Rfe1 a5 12. Qc2 Qb6 13. e4 dxe4 14. Rxe4 a4 15. Ree1 Qa5 16. Bc3 Qa6 17. Ne5 g6 18. h4 Nxe5 19. dxe5 Bg7 20. h5 c5 21. Red1 Ra7 22. Rd6 b6 23. Bc6 Rc7 24. Qe4 Bb7 25. Bxb7 Qxb7 26. Qxb7 Rxb7 27. hxg6 hxg6 28. Rad1 axb3 29. axb3 b5 30. Rc6 bxc4 31. bxc4 Rb3 32. Ba1 Rfb8 33. Rcd6 Rb1 34. Kg2 Rxd1 35. Rxd1 Rb4 36. Rc1 g5 37. g4 Ra4 38. Kf1 Kh7 39. Kg2 Kg6 40. Kf3 Bf8 41. Ke4 Be7 42. Bb2 Ra2 43. Rc2 f6 44. Kd3 f5 45. f3 Bd8 46. Bc3 Ra3 47. Ke2 Bc7 48. Kd2 Rb3 49. Rc1 f4 1/2-1/2

[Event "AUT-chT2W 0809"]
[Site "Austria"]
[Date "2009.03.08"]
[Round "11.5"]
[White "Lenninger, Ralf"]
[Black "Jedinger, Andreas"]
[Result "1/2-1/2"]
[WhiteElo "2035"]
[BlackElo "2183"]
[PlyCount "58"]
[EventDate "2008.10.17"]
[EventType "team-tourn"]
[EventRounds "11"]
[EventCountry "AUT"]
[SourceTitle "EXT 2010"]
[Source "ChessBase"]
[SourceDate "2010.11.25"]
[SourceVersion "1"]
[SourceVersionDate "2010.11.25"]
[SourceQuality "1"]
[WhiteTeam "Bregenz"]
[BlackTeam "Rochade Rum"]
[WhiteTeamCountry "AUT"]
[BlackTeamCountry "AUT"]

1. g3 g6 2. Bg2 Bg7 3. c4 c5 4. Nc3 Nc6 5. d3 d6 6. Rb1 Rb8 7. a3 a6 8. Bd2 Bd7 9. b4 cxb4 10. axb4 b5 11. cxb5 axb5 12. Nf3 Nf6 13. 0-0 0-0 14. h3 d5 15. Bf4 Rb7 16. Bg5 Be6 17. Qd2 Qd7 18. Kh2 Rd8 19. Be3 Rbb8 20. Nd4 Nxd4 21. Bxd4 Ne8 22. Bxg7 Kxg7 23. Ra1 Ra8 24. Qb2 Kg8 25. Rxa8 Rxa8 26. Ra1 Rxa1 27. Qxa1 Qc6 28. e3 Nc7 29. Ne2 f6 1/2-1/2

[Event "AUT-chT2W 0506"]
[Site "Austria"]
[Date "2006.01.22"]
[Round "8"]
[White "Schiestl, Josef"]
[Black "Lenninger, Ralf"]
[Result "1-0"]
[WhiteElo "2157"]
[BlackElo "1955"]
[PlyCount "75"]
[EventDate "2005.10.08"]
[EventType "team"]
[EventRounds "11"]
[EventCountry "AUT"]
[SourceTitle "EXT 2007"]
[Source "ChessBase"]
[SourceDate "2006.11.23"]
[SourceVersion "1"]
[SourceVersionDate "2006.11.23"]
[SourceQuality "1"]
[WhiteTeam "Zillertal"]
[BlackTeam "Lochau"]
[WhiteTeamCountry "AUT"]
[BlackTeamCountry "AUT"]

1. e4 c6 2. d4 d5 3. e5 Bf5 4. Be3 e6 5. Nd2 Nd7 6. c3 Qb6 7. b4 a5 8. a3 Qa7 9. Nb3 a4 10. Nd2 b5 11. Ngf3 h6 12. Be2 g5 13. h3 Bh7 14. g4 f5 15. exf6 Ngxf6 16. Ne5 Qc7 17. Nxd7 Kxd7 18. h4 Be7 19. Rc1 Ne4 20. Nxe4 Bxe4 21. f3 Bg6 22. Bd3 Bxd3 23. Qxd3 Raf8 24. Ke2 Qg3 25. Bf2 Qf4 26. Qe3 Qf6 27. Bg3 Bd6 28. Be5 Bxe5 29. dxe5 Qf7 30. hxg5 hxg5 31. Qa7+ Ke8 32. Qb8+ Ke7 33. Qc7+ Ke8 34. Qc8+ Ke7 35. Qc7+ Ke8 36. Qxc6+ Ke7 37. Qb7+ Ke8 38. Qxb5+ 1-0

[Event "AUT-chT 9596"]
[Site "Vorarlberg"]
[Date "1995.??.??"]
[Round "3"]
[White "Foerch, August"]
[Black "Lenninger, Ralf"]
[Result "1-0"]
[WhiteElo "1900"]
[BlackElo "2050"]
[PlyCount "71"]
[EventDate "1995.??.??"]
[EventType "team"]
[EventRounds "9"]
[EventCountry "AUT"]
[SourceTitle "EXT 1999"]
[Source "ChessBase"]
[SourceDate "1998.11.16"]
[SourceVersion "1"]
[SourceVersionDate "1998.11.16"]
[SourceQuality "1"]

1. d4 Nf6 2. c4 Nc6 3. Nc3 d6 4. e4 e5 5. d5 Nb8 6. Bd3 Be7 7. Nge2 Nbd7 8. 0-0 c6 9. Ng3 Nc5 10. Bc2 a5 11. Be3 Ng4 12. Bxc5 dxc5 13. dxc6 bxc6 14. Ba4 0-0 15. Qxd8 Rxd8 16. Bxc6 Rb8 17. Nd5 Kf8 18. b3 Bg5 19. Rad1 g6 20. Rd3 Rd6 21. Ba4 f5 22. Rfd1 f4 23. Ne2 Nf6 24. Nxf6 Rxf6 25. Rd8+ Kg7 26. R8d5 f3 27. gxf3 Rxf3 28. Rxe5 Bg4 29. Bd7 Bh5 30. Rxc5 Kh6 31. Rdd5 Bh4 32. Ng3 Bxg3 33. hxg3 Rbf8 34. Rd2 g5 35. g4 Bg6 36. Bf5 1-0